| 000 | 01286nam a2200253Ia 4500 | ||
|---|---|---|---|
| 999 |
_c52645 _d52645 |
||
| 001 | 19669 | ||
| 003 | GE_BSU | ||
| 005 | 20200316230121.0 | ||
| 008 | 181216s2016||||ge |||||||||||||| ||geo|| | ||
| 020 | _aISBN:9789941252440 | ||
| 040 | _cGE_BSU | ||
| 041 | _ageo | ||
| 080 | _a341 + 342.7 ა-26 | ||
| 245 |
_aადამიანის უფლებათა დაცვის ეროვნული და საერთაშორისო მექანიზმები : _bსტატიათა კრებული / _cრედ. კონსტანტინე კორკელია. |
||
| 264 |
_aთბილისი : _bგ.გ, _c2016. |
||
| 300 |
_a216 გვ. ; _c23 სმ. |
||
| 500 | _aკანონის უზენაესობის მხარდაჭერა საქართველოში (PROLOG) | ||
| 520 | _aკანონის უზენაესობის მხარდაჭერა საქართველოში (PROLOG) | ||
| 653 | _aადამიანთა უფლებები | ||
| 653 | _aკრებული | ||
| 653 | _aსამართალი | ||
| 700 |
_aკორკელია, კონსტანტინე _eრედაქტორი _9539 |
||
| 942 |
_cBK _2udc |
||